An introduction to semiclassical and microlocal analysis
Saved in:
| Main Author: | |
|---|---|
| Format: | Book |
| Language: | English |
| Published: |
New York :
Springer,
c2002
|
| Series: | Universitext
|
| Subjects: | |
| Tags: |
Add Tag
No Tags, Be the first to tag this record!
|
MARC
| LEADER | 00000nam a2200000 i 4500 | ||
|---|---|---|---|
| 001 | 1/52243 | ||
| 008 | 070823s2002 eng d | ||
| 020 | |a 0-387-95344-2 | ||
| 035 | |l 10089950 | ||
| 040 | |a GR-MY-UA |b gre |e aacr | ||
| 041 | 0 | |a eng | |
| 082 | 0 | |a 530.1557242 |2 (22) | |
| 100 | 1 | |a Martinez, Andre. | |
| 245 | 1 | 3 | |a An introduction to semiclassical and microlocal analysis / |c Andre Martinez |
| 260 | |a New York : |b Springer, |c c2002 | ||
| 300 | |a viii, 190 σ.; |c 25 εκ. | ||
| 490 | 1 | |a Universitext | |
| 504 | |a Περιλαμβάνει βιβλιογραφικές παραπομπές (σ. 175-181) και ευρετήριο. | ||
| 650 | 0 | 0 | |a Microlocal analysis. |
| 650 | 0 | 0 | |a Quantum theory. |
| 830 | 0 | |a Universitext | |
| 852 | |a INST |b SAMOS |e 20070823 |h 530.1557242 MAR |p 005300028448 |q 005300028448 |t BK |y 0 | ||
| 901 | |a BIBL3-2007-2 | ||
| 909 | |a Σ |b 136775 | ||
| 922 | |a 3ΕΛΗ |b 200707 |c ΕΠΕΑΕΚ2/ΤΜΗΜΑ ΜΑΘΗΜΑΤΙΚΩΝ |d ΕΛΕΥΘΕΡΟΥΔΑΚΗΣ | ||
| 970 | |a ΣΙΤΖΙΜΗ |b ΓΙΑΣΕΜΗ |z 2007/08/23 | ||